Letras Jurd̕icas

Bibliographic Details
Corporate Author: Centro Universitario de La Ciňaga. Universidad de Guadalajara (ed)
Format: Unknown
Language:Spanish
Published: Lindavista Jalisco : Centro Universitario de La Ciňaga, Universidad de Guadalajara
Subjects:
Online Access:Acceso restringido

MARC

LEADER 00000ny a22000003n 4500
005 20110509125648.0
008 090202s2005 mx fr s 000 b0spa c
022 |a 1870-2155 
035 |a 2464 
040 |a UMA.RE  |d vlex 
080 |a 34(051)(0.034) 
090 |c 1447  |d 1447 
245 3 0 |a Letras Jurd̕icas  |h [Recurso electrn̤ico] 
256 |a Servicio en ln̕ea 
260 |a Lindavista Jalisco :  |b Centro Universitario de La Ciňaga, Universidad de Guadalajara 
310 |a Semestral 
506 1 |a Contenido solo disponible en los productos indicados  |d vLex Global  |d vLex Global (Academic Edition, excluding Law Schools)  |d vLex Global (U.S. Academic Edition, Law Schools)  |d vLex Global (U.S. Academic Edition, excluding Law Schools)  |d vLex Global (Academic Edition, Law Schools) 
650 0 4 |a Derecho  |x Publicaciones perid̤icas 
710 2 |a Centro Universitario de La Ciňaga.  |b Universidad de Guadalajara,  |e ed 
740 0 |a vLex Revista (Servicios en ln̕ea) 
853 |8 1  |i (year)  |j (month)  |k (day) 
856 4 0 |u http://vlex.com/source/2464  |z Acceso restringido 
942 |c REV